Fc Sochaux Montbéliard 24/25 - Estadísticas

Estadísticas generales
  • Esta prueba ha sido intentada 8 veces
    4 desde el último reinicio
  • La puntuación promedio es 27 de 30
Estadísticas de respuestas
Hint Respuesta % Correcto
Milieu Benchamma
100%
Défenseur Dacosta
100%
Attaquant Daho
100%
Milieu Drammeh
100%
Attaquant durbant
100%
Attaquant Fatar
100%
Défenseur Fontaine
100%
Attaquant Gnanduillet
100%
Défenseur Guett guett
100%
Milieu Hoggas
100%
Attaquant Jean
100%
Attaquant Lecolier
100%
Attaquant Loubao
100%
Défenseur Mendes
100%
Milieu Mendes
100%
Milieu Michel
100%
Défenseur Moltenis
100%
Défenseur Ouammou
100%
Gardien Patouillet
100%
Défenseur Peybernes
100%
Gardien Pierre
100%
milieu saidi
100%
Gardien Valette
100%
Défenseur Vitelli
100%
Attaquant Koffi
67%
Milieu Liénard
67%
Défenseur Mayela
67%
Milieu Pereira de Sa
67%
Attaquant doumbia
33%
Défenseur Rangon
33%
No se encontraron pruebas coincidentes
Distribución de puntuación
Porcentaje de gente con cada puntuación
Porcentaje por número respondido
Historial de tus puntuaciones
No has intentado esta prueba desde el último reinicio